1998 1092 1646 1294 1059 1041 1414 1161 1583 1155 1417 1024 1089 1973 1045 1721 1498 1302 1415 1650 1003 1001 1003 1785 1833 1273 1337 1193 1183 1457 1655 1271 1992 1298 1170 1881 1640 1592 1044 1229 1316 1125 1801 1079 1484 1212 1716 1292 1057 1113 1538 1403 1876 1821 1372 1797 1553 1341 1241 1337 1958 1865 1034 1381 1748 1320 1488 1463 1719 1283 1334 1778 1003 1241 1540 1971 1129 1171 1994 1255 1045 1026 1298 1898 1774 1107 1261 1996 1003 1509 1816 1040 1315 1107 1764 1049 1938 1343 1566 BCNSPRNW ULIB Ver.6.0+V

เปลี่ยนเป็นภาษาไทย

Change to English
 แสดงรายละเอียดบรรณานุกรม
  กลับหน้าหลัก

Brief Record : Get Marc (ISO 2709) : E-mail record : QR code < ปิดหน้าต่าง
LEADER : 00000nam 2200000uu 4500
001    13399109330
003     ULIB
008    110328s2553||||th 000 0 tha d
020    9786161102708
060 04 WA546^bว255ค 2553
110 1  สำนักงานสาธารณสุขจังหวัดกาฬสินธุ์^bกลุ่มงานพัฒนายุทธศาสตร์สาธารณสุข
245 00 คู่มือสำหรับพระสงฆ์ในการส่งเสริมสุขภาพประชาชนในชุมชนจังหวัดกาฬสินธุ์ /^cบรรณาธิการ,สม นาสอ้าน
260    [กาฬสินธุ์ :^bสำนักงานสาธารณสุขจังหวัดกาฬสินธุ์],^c2553
300    186 หน้า.:^bภาพประกอบ
650  7 6 อ.
650  0 การส่งเสริมสุขภาพ
650  0 วัดส่งเสริมสุขภาพ
650  0 โรค^xการป้องกันและการรักษา
700 0  สม นาสอ้าน,^eบรรณาธิการ
945    ^p0^l0^i027729
995    ทศพร
999 ^a ใช้งานได้ทุกระบบ
รายการนี้ยังไม่มีแท็ก
คุณยังไม่ได้ล็อกอิน คุณสามารถมีกิจกรรมร่วมกับเว็บไซต์ได้ แต่ต้องล็อกอินก่อน ::
  ล็อกอิน

รายการสื่อสารสนเทศ

ลำดับที่ ประเภท เลขเรียก/บาร์โค้ด สถานที่ สถานะ
1. วิทยาศาสตร์การแพทย์ และสุขภาพ
หนังสือสำรอง
สถานะ=หนังสือสำรอง
WA546 ว255ค 2553 ฉ.1 
  Barcode: 027729
ห้องสมุดวิทยาเขตสวรรค์ประชารักษ์
►ส่วนจัดเก็บหนังสือเก่า สปร
บนชั้น
  ขอยืม

รายการใกล้เคียง
    หัวเรื่อง [การส่งเสริมสุขภาพ]

BibComment


ยังไม่เคยถูกคอมเมนท์

คอมเมนท์ทรัพยากรรายการนี้
  คอมเมนท์: คู่มือสำหรับพระสง..


 Copyright 2026. Bcnsprnw @Library